000 00617nam a22001817a 4500
005 20251108164029.0
008 250721s1990 xx 000 0 ara d
082 1 4 _a210.461608/عبد
100 1 _aالسعيد، عبد الله عبد الرازق مسعود
245 1 0 _aامن الكمبيوتر والقانون /
264 1 _aعمان :
_bدار الضياء للنشر،
_c1990.
300 _a100ص
490 0 _aمن الأعجاز الطبي في الأحاديث النبوية الشريفة ؛ 5
650 1 7 _aالإسلام
650 1 7 _aالطب النفسي
942 _2ddc
_cBK
999 _c1849
_d1849